<?xml version='1.0' encoding='UTF-8'?><?xml-stylesheet href='static/style.xsl' type='text/xsl'?><OAI-PMH xmlns="http://www.openarchives.org/OAI/2.0/" xmlns:xsi="http://www.w3.org/2001/XMLSchema-instance" xsi:schemaLocation="http://www.openarchives.org/OAI/2.0/ http://www.openarchives.org/OAI/2.0/OAI-PMH.xsd"><responseDate>2026-05-02T06:32:58Z</responseDate><request verb="GetRecord" identifier="oai:ebiltegia.mondragon.edu:20.500.11984/13894" metadataPrefix="marc">https://ebiltegia.mondragon.edu/oai/request</request><GetRecord><record><header><identifier>oai:ebiltegia.mondragon.edu:20.500.11984/13894</identifier><datestamp>2025-06-25T06:15:41Z</datestamp><setSpec>com_20.500.11984_473</setSpec><setSpec>col_20.500.11984_476</setSpec></header><metadata><record xmlns="http://www.loc.gov/MARC21/slim" xmlns:dcterms="http://purl.org/dc/terms/" xmlns:xsi="http://www.w3.org/2001/XMLSchema-instance" xmlns:doc="http://www.lyncode.com/xoai" xsi:schemaLocation="http://www.loc.gov/MARC21/slim http://www.loc.gov/standards/marcxml/schema/MARC21slim.xsd">
   <leader>00925njm 22002777a 4500</leader>
   <datafield ind2=" " ind1=" " tag="042">
      <subfield code="a">dc</subfield>
   </datafield>
   <datafield ind2=" " ind1=" " tag="720">
      <subfield code="a">Albisua, Neritzel</subfield>
      <subfield code="e">author</subfield>
   </datafield>
   <datafield ind2=" " ind1=" " tag="260">
      <subfield code="c">2025</subfield>
   </datafield>
   <datafield ind2=" " ind1=" " tag="520">
      <subfield code="a">Este estudio tiene como objetivo proporcionar valores de referencia para la actividad física y comportamientos sedentarios en escolares de entre 5 y 18 años de Euskadi. Se realizó un análisis transversal en una muestra de 1073 escolares (536 chicos y 537 chicas),utilizando actigrafía para medir tanto los niveles de actividad física (ligera, moderada, vigorosa y moderada a vigorosa), así como el tiempo dedicado a comportamientos sedentarios. Los resultados muestran una disminución progresiva en los niveles de actividad física a medida que aumenta la edad, mientras que el tiempo de comportamientos sedentarios aumenta de manera significativa. Además, se observaron diferencias entre sexos, donde las niñas presentan una tendencia a comportamientos más sedentarios que los niños, especialmente durante la adolescencia. Los profesionales de la educación físico-deportiva pueden emplear estos resultados como un recurso de evaluación educativa para analizar con mayor profundidad la conexión entre el nivel de actividad física y factores como el rendimiento académico o la salud, permitiéndoles diseñar intervenciones más adecuadas que reduzcan el sedentarismo y promuevan la práctica de ejercicio en esta población.</subfield>
   </datafield>
   <datafield ind2=" " ind1=" " tag="520">
      <subfield code="a">The aim of this study was to provide reference values for physical activity and sedentary behaviors in schoolchildren aged 5 to 18 years in the Basque Country. A cross-sectional analysis was conducted in a sample of 1073 schoolchildren (536 boys and 537 girls), using actigraphy to measure both physical activity levels (light, moderate, vigorous and moderate to vigorous) and time spent in sedentary behaviors. The results show a progressive decrease in physical activity levels with increasing age, while the time spent in sedentary behaviors increases significantly. In addition, gender differences were observed, with girls showing a tendency for more sedentary  behaviors  than  boys,  especially  during  adolescence. Physical  education  and  sports professionals can use these results as an educational evaluation resource to analyse in greater depth the connection between the level of physical activity and factors such as academic performance or health, allowing them to design more appropriate interventions that reduce sedentary lifestyles and promote exercise in this population</subfield>
   </datafield>
   <datafield ind1="8" ind2=" " tag="024">
      <subfield code="a">1133-6366</subfield>
   </datafield>
   <datafield ind1="8" ind2=" " tag="024">
      <subfield code="a">2387-161X</subfield>
   </datafield>
   <datafield ind1="8" ind2=" " tag="024">
      <subfield code="a">https://katalogoa.mondragon.edu/janium-bin/janium_login_opac.pl?find&amp;ficha_no=189417</subfield>
   </datafield>
   <datafield ind1="8" ind2=" " tag="024">
      <subfield code="a">https://hdl.handle.net/20.500.11984/13894</subfield>
   </datafield>
   <datafield tag="653" ind2=" " ind1=" ">
      <subfield code="a">Comportamiento sedentario</subfield>
   </datafield>
   <datafield tag="653" ind2=" " ind1=" ">
      <subfield code="a">Niños</subfield>
   </datafield>
   <datafield tag="653" ind2=" " ind1=" ">
      <subfield code="a">Adolescentes</subfield>
   </datafield>
   <datafield tag="653" ind2=" " ind1=" ">
      <subfield code="a">Salud infantil</subfield>
   </datafield>
   <datafield tag="653" ind2=" " ind1=" ">
      <subfield code="a">Valores de referencia</subfield>
   </datafield>
   <datafield tag="653" ind2=" " ind1=" ">
      <subfield code="a">Sedentary behaviour</subfield>
   </datafield>
   <datafield tag="653" ind2=" " ind1=" ">
      <subfield code="a">Children</subfield>
   </datafield>
   <datafield tag="653" ind2=" " ind1=" ">
      <subfield code="a">Adolescents</subfield>
   </datafield>
   <datafield tag="653" ind2=" " ind1=" ">
      <subfield code="a">Child health</subfield>
   </datafield>
   <datafield tag="653" ind2=" " ind1=" ">
      <subfield code="a">Reference values</subfield>
   </datafield>
   <datafield ind2="0" ind1="0" tag="245">
      <subfield code="a">Valores normativos de actividad física y sedentarismo en escolares vascos de 5 a 18 años: Un estudio basado en acelerometría</subfield>
   </datafield>
</record></metadata></record></GetRecord></OAI-PMH>